| 000 | 00743cab a2200229 4500 | ||
|---|---|---|---|
| 001 | ##ABS54970 | ||
| 008 | 090401t1996 xxu||||| |||| 00| 0 eng d | ||
| 035 | _a(Sirsi) u13429 | ||
| 041 | 0 | _aeng | |
| 245 | 0 | 0 | _aProgress of the Housing Bill |
| 260 | _c1996 | ||
| 350 | _a0 | ||
| 490 | 0 |
_aHA Weekly _v(456) 19 April 1996, 23-26(4) |
|
| 520 | _aOutlines the key points of the Housing Bill and changes made to it in its passage through the UK Parliament. | ||
| 650 | 2 | 4 | _aHOUSES IN MULTIPLE OCCUPATION REGISTRATION SCHEME |
| 650 | 2 | 4 | _aHOUSING ACT 1996 |
| 650 | 2 | 4 | _aRENT SURPLUS FUND |
| 651 | 4 |
_aEngland and Wales _y1543- |
|
| 690 | _aPROPERTY-RESIDENTIAL PROPERTY-RESIDENTIAL LANDLORD AND TENANT | ||
| 942 | _n0 | ||
| 948 | _c04/03/1997 | ||
| 999 |
_c8658 _d8658 |
||